Mistrzostwa świata 2022 Katar - Statystyki

Ogólne statystyki
  • Ten quiz został rozwiązany 62 razy
  • Średni wynik to 28 z 32
Statystyki odpowiedzi
Hint Odpowiedź % Poprawnych
Mistrz Argentyna
100%
Wicemistrz Francja
100%
3.miejsce Chorwacja
98%
4.miejsce Maroko
96%
1/4 Portugalia
96%
1/4 Holandia
95%
1/8 Polska
95%
Grupa C Arabia Saudyjska
93%
1/8 Japonia
93%
Grupa C Meksyk
93%
1/8 Australia
91%
1/8 Hiszpania
91%
Grupa A Katar
91%
1/8 Korea Południowa
91%
1/4 Anglia
89%
Grupa F Belgia
89%
Grupa E Niemcy :)
89%
1/4 Brazylia
88%
Grupa H Urugwaj
88%
1/8 USA
88%
Grupa F Kanada
84%
1/8 Senegal
84%
Grupa D Dania
81%
Grupa A Ekwador
77%
Grupa H Ghana
77%
Grupa B Iran
77%
Grupa G Kamerun
74%
Grupa E Kostaryka
74%
Grupa G Serbia
74%
1/8 Szwajcaria
72%
Grupa B Walia
72%
Grupa D Tunezja
65%
Nie znaleziono quizów pasujących do podanych kryteriów
Rozkład punktacji
Procent ludzi z każdym wynikiem
Percentyl według liczby udzielonych odpowiedzi
Twoja historia wyników
Nie rozwiązałeś tego quizu